000 00374pam a2200157a 44500
008 230515b1992 xxu||||| |||| 00| 0 eng d
020 _aNULL
041 _aENGLISH
082 _a613.7045
100 _aFAHEY THOMAS D.
245 _aWEIGHT TRAINING FOR WOMEN
250 _aNULL
260 _aLONDON
_bMAYFIELD PUBLISHING COMPANY
_c1992
300 _a189
650 _aNULL
999 _c519306
_d519306